000 00941nam a22002417a 4500
005 2012082806046.0
008 120828t xxu||||| |||| 00| 0 eng d
010 _aENG-105656
020 _a9788120345898
_c350.00
035 _aEN-89189
037 _bDBAD / PUB
040 _adpl
_bEnglish
082 _a511.1
100 _aRajput, Uday Singh
_951538
245 _aAdvanced discrete mathematics /
_cby Uday Singh Rajput
260 _aNew Delhi
_bPHI Learning
_c2012
270 _aM-97, Connaught Circus,
_bNew Delhi
_e110001
300 _axvi,394p. :
_c24cm(pbk)
_bill.
500 _aIncludes index
942 _2ddc
_cEN
_mRAJ
_h511.1
999 _c69395
_d69395